Europawahlgesetz Europawahlordnung Handkommentar
Salvato in:
| Autore principale: | |
|---|---|
| Altri autori: | |
| Natura: | Libro |
| Lingua: | tedesco |
| Pubblicazione: |
München
Jehle
1989
|
| Edizione: | 3. überarb. Aufl. |
| Soggetti: | |
| Tags: |
Nessun Tag, puoi essere il primo ad aggiungerne!!
|
MARC
| LEADER | 00000nam a2200000 4500 | ||
|---|---|---|---|
| 001 | c000598 | ||
| 005 | 20221215125317.9 | ||
| 020 | |a 3-7825-0255-8 | ||
| 041 | 0 | |a ger | |
| 044 | |a DE | ||
| 245 | 1 | 0 | |a Europawahlgesetz Europawahlordnung |b Handkommentar |c Joachim Schweinoch, Reinhard Högner |
| 250 | |a 3. überarb. Aufl. | ||
| 264 | 1 | |a München |b Jehle |c 1989 | |
| 300 | |a 169,130 s. |e príl. | ||
| 610 | 2 | 0 | |a právo ústavné |
| 610 | 2 | 0 | |a voľby |
| 610 | 2 | 0 | |a Európsky parlament |
| 610 | 2 | 0 | |a Nemecko |
| 100 | 1 | |a Schweinoch, Joachim | |
| 700 | 1 | |a Högner, Reinhard | |